| 000 | 00396cam a2200169ua 4500 | ||
|---|---|---|---|
| 003 | OSt | ||
| 005 | 20260213114137.0 | ||
| 008 | 260213b |||||||| |||| 00| 0 eng d | ||
| 020 | _a0-87201-726-5 | ||
| 041 | _aeng | ||
| 082 |
_a028.71621 _bGUI/PN |
||
| 245 | _aPneumatic handbook | ||
| 250 | _a6 / | ||
| 260 |
_aLondon : _bGulf Publishing Company , _c1982. |
||
| 300 | _a433 ; . | ||
| 942 | _cBK | ||
| 999 |
_c7200 _d7200 |
||